Регионална библиотека "Любен Каравелов" - Русе

Пир на бездушника и величието на работника (Запис номер 162579)

MARC детайли
000 -Лидер
Контролно поле с фиксирана дължина nam a22 a 4500
003 - Код на организацията, давaща контролен номер
Контролно поле BLK
005 - Дата и час на последна редакция
Контролно поле 20201014140631.0
008 - Елементи от данни с фиксирана дължина
fixed length control field 180410b bul|||||r ||||||| ||bul||
010 ## - Наследен системен номер
LC control number KNG00169958000
040 ## - Източник на каталожния запис
Идентификатор на билиотеката - собственик на записа BLK
041 ## - Код за език
Код за езика на текст/звукозапис или на отделно заглавие Български
Код за езика КДБФ Български
072 #7 - Код за тематичната категория
Код организация bullib
Код за тематична категория Ц
Текст Редки и ценни
080 ## - УДК
Текстов определител УДК Служещи. Работници
УДК код - определител по УДК 323.33
УДК определител -058.234.2
УДК - код + определител 323.33-058.234.2
080 ## - УДК
Текстов определител УДК Отношение към труда. Трудов морал. Трудови стимули
УДК код - определител по УДК 331.101.3
УДК - код + определител 331.101.3
100 1# - Редна дума - Автор
Автор Пелагич, Васа
Авторска отговорност първи автор
R(LIN) 379037
139 ## - Редно поле
Редна дума Пелагич, Васа
Авторски знак Пеи - П 33
245 10 - Сведения за заглавието
Заглавие Пир на бездушника и величието на работника
Редно поле (дума) Васа Пелагич.
257 ## - Страна на издаване
Страна на създаване/издаване Сърбия
260 ## - Област на издателските данни
Име на издателя, разпространителя и проч. В. Петров
Година на издаване 1898
Печатница Русе : скоропеч. Ст. Ив. Роглев
Място на издаване, разпространение и проч. Русе
300 ## - Физическа характеристика
Страници 72 с.
Размери/Мащаб 15 см
380 ## - Жанр
Жанр Обществени науки
490 ## - СЕРИИ (Колекции)
9 (RLIN) 435080
Име на серия Колекция Редки и ценни издания
650 #4 - Допълнително описание по предмет – тема
Основно описание – тема или топоним Работническа класа - капиталистически страни
9 (RLIN) 320373
650 #4 - Допълнително описание по предмет – тема
Основно описание – тема или топоним Социални групи
9 (RLIN) 263591
653 ## - Ключова дума – ненормативна
Ключова дума работническа класа
653 ## - Ключова дума – ненормативна
Ключова дума буржоазия
653 ## - Ключова дума – ненормативна
Ключова дума работодатели
659 ## - Тематичен бюлетин
Тематичен бюлетин Ц
852 ## - Местоположение
Форматна сигнатура Рб 898
Фондова буква Редки и ценни
856 4# - Електронен адрес и достъп
Електронен формат pdf - файл
856 4# - Електронен адрес и достъп
Електронен формат pdf - файл
999 ## - СИСТЕМНИ КОНТРОЛНИ НОМЕРА
Koha biblionumber 162579
Koha biblioitemnumber 162579
942 ## - АРТИКУЛИ
Вид на библиотечния материал Книги
Скрит в OPAC Не
Периодичен библиозапис Да
944 ## - СЪЗДАВАНЕ И РЕДАКЦИЯ на ЗАПИСА
Създаване/Редакция Създаване
Дата на регистрацията/редакция 23.01.2015
Служител, извършил регистрацията/редакцията Наталия_Медовщикова
944 ## - СЪЗДАВАНЕ И РЕДАКЦИЯ на ЗАПИСА
Създаване/Редакция Редакция
Дата на регистрацията/редакция 23.01.2015
Служител, извършил регистрацията/редакцията Наталия_Медовщикова
999 ## - СИСТЕМНИ КОНТРОЛНИ НОМЕРА
Koha biblioitemnumber 162579
Наличности
Код за отписване Код за изгубен артикул Източник на класификационната схема Код за повреда Коз за рестрикции Код за отдаване Артикулен № Име на библиотеката - собственик Име на библиотеката, в която се намира в момента Статус (Текущо местоположение) Дата на вписване в системата Местоположение - отдел Цена в лева Инвентарен номер Систематично азбучна сигнатура Баркод Номер на екземпляра Цена в евро Служебна бележка Служебен тип на артикула
  Не е изгубен Universal Decimal Classification Не е повреден само за читалня Специални фондове ( старопечатни, редки и ценни, фонд М. Арнаудов) 271449 Регионална библиотека "Любен Каравелов" Русе Регионална библиотека "Любен Каравелов" Русе Редки и ценни 1946-01-01 Редки и ценни 0.06 13351 Рб 898 900000036444 1 0.03 Дост: Pk N: стар фонд Дата: 01.01.1946 Дата инв: 15.12.2016 Бележки инв: Рц2016 Книги
Vip Innovations Ltd, Rousse, Bulgaria 2025